[Event "Euro Online U2300 Day 1"]
[Site "chess.com INT"]
[Date "2020.05.25"]
[Round "1"]
[White "Johansson, Carl Fredrik"]
[Black "Mammadov, Sadig"]
[Result "0-1"]
[WhiteTitle "CM"]
[BlackTitle "FM"]
[WhiteElo "2205"]
[BlackElo "2237"]
[WhiteFideId "1701576"]
[BlackFideId "13408712"]
[EventDate "2020.05.25"]

1. d4 Nf6 2. c4 g6 3. Nc3 Bg7 4. e4 d6 5. Be2 O-O 6. Be3 e5 7. d5 Nbd7 8. g4 Nc5
9. f3 a5 10. h4 h5 11. g5 Nfd7 12. Qd2 a4 13. Nh3 Qe7 14. Nb5 Nb6 15. Nf2 Rd8
16. Rd1 Na6 17. Qc3 Bd7 18. Nd3 Rac8 19. Nxc7 Nxc4 20. Bf2 Rxc7 21. b3 Ne3 22.
Qa5 Nxd1 23. Bb6 Rcc8 24. Kxd1 Rf8 25. Kd2 axb3 26. axb3 f5 27. Nf2 Nc5 28. b4
Nb3+ 0-1

[Event "Euro Online U2300 Day 1"]
[Site "chess.com INT"]
[Date "2020.05.25"]
[Round "1"]
[White "Jeszenszky, Jozsef"]
[Black "Zpevakova, Jana"]
[Result "1-0"]
[BlackTitle "WFM"]
[WhiteElo "2099"]
[BlackElo "2106"]
[WhiteFideId "753564"]
[BlackFideId "334030"]
[EventDate "2020.05.25"]

1. d4 d5 2. c4 e6 3. Nc3 Nf6 4. cxd5 exd5 5. Bg5 Be7 6. e3 O-O 7. Bd3 c6 8. h3
Re8 9. Qc2 Ne4 10. Bf4 f5 11. Nge2 Bf6 12. O-O Nd7 13. Rab1 a5 14. a3 Nf8 15. b4
axb4 16. axb4 Ng6 17. Bh2 Nh4 18. b5 Qe7 19. Rb3 g5 20. Rfb1 g4 21. hxg4 fxg4
22. Nxe4 dxe4 23. Bc4+ Kg7 24. bxc6 bxc6 25. Rb8 Rxb8 26. Rxb8 Bf5 27. Rxe8 Qxe8
28. Qb2 Qa8 29. Be5 Ng6 30. Bxf6+ Kxf6 31. d5+ Kg5 32. d6 Qa4 33. Qd4 Qb4 34.
Ng3 Qe1+ 35. Kh2 Qxf2 36. d7 Bxd7 37. Nxe4+ 1-0

[Event "Euro Online U2300 Day 1"]
[Site "chess.com INT"]
[Date "2020.05.25"]
[Round "1"]
[White "Jakubowska, Anna"]
[Black "Chetina, Elizaveta"]
[Result "1-0"]
[WhiteTitle "WIM"]
[BlackTitle "WFM"]
[WhiteElo "2073"]
[BlackElo "1906"]
[WhiteFideId "1121952"]
[BlackFideId "4100131"]
[EventDate "2020.05.25"]

1. e4 e5 2. Nc3 Nc6 3. g3 Nf6 4. Bg2 Bc5 5. d3 d6 6. Nge2 O-O 7. Na4 Bb6 8. Nxb6
axb6 9. O-O Be6 10. d4 exd4 11. Nxd4 Nxd4 12. Qxd4 Qd7 13. Bg5 Ne8 14. Rfd1 f6
15. Be3 Bh3 16. Bxh3 Qxh3 17. Qd5+ Kh8 18. Qxb7 Ra5 19. Rd5 Rxd5 20. Qxd5 f5 21.
exf5 Qxf5 22. Qxf5 Rxf5 23. Re1 Nf6 24. Bd4 Kg8 25. Re7 c5 26. Bxf6 Rxf6 27. f4
Kf8 28. Rb7 d5 29. Kf2 Re6 30. h4 d4 31. g4 h6 32. f5 Rd6 33. a4 c4 34. Rc7 d3
35. cxd3 cxd3 36. Ke1 Rd4 37. g5 Rxh4 38. gxh6 Rxh6 39. Rb7 Rf6 40. Kd2 Rxf5 41.
Rxb6 Rd5 42. b4 g5 43. a5 g4 44. a6 g3 45. a7 Rd8 46. Rb8 g2 47. Rxd8+ Kf7 48.
a8=Q g1=Q 49. Qd5+ Kf6 50. Rf8+ Ke7 51. Rf7+ Ke8 52. Qd7# 1-0

[Event "Euro Online U2300 Day 1"]
[Site "chess.com INT"]
[Date "2020.05.25"]
[Round "1"]
[White "Gitu, Paula-Alexandra"]
[Black "Papadiamandis, Elliot"]
[Result "0-1"]
[WhiteTitle "WFM"]
[BlackTitle "CM"]
[WhiteElo "2113"]
[BlackElo "2269"]
[WhiteFideId "13904620"]
[BlackFideId "36074160"]
[EventDate "2020.05.25"]

1. e4 c5 2. Nf3 d6 3. d4 Nf6 4. Nc3 cxd4 5. Qxd4 a6 6. Qd2 Nc6 7. Be2 g6 8. O-O
Bg7 9. h3 O-O 10. Rb1 b5 11. Bd3 Bb7 12. b3 Nb4 13. a3 Nxd3 14. Qxd3 Rc8 15. Bb2
Qc7 16. Rfe1 Rfd8 17. Rbc1 d5 18. e5 Ne4 19. Nd1 e6 20. Ne3 h5 21. Nf1 Bh6 22.
Ne3 Bg7 23. Qd4 Bf8 24. Nh2 Bc5 25. Qd3 d4 26. Nef1 Nc3 27. b4 Bf8 28. Rcd1 Nxd1 0-1

[Event "Euro Online U2300 Day 1"]
[Site "chess.com INT"]
[Date "2020.05.25"]
[Round "1"]
[White "Petriashvili, Nikoloz"]
[Black "Malczyk, Radoslaw"]
[Result "1-0"]
[WhiteTitle "IM"]
[WhiteElo "2423"]
[BlackElo "2099"]
[WhiteFideId "13611216"]
[BlackFideId "1128574"]
[EventDate "2020.05.25"]

1. d4 Nf6 2. c4 b6 3. Nc3 Bb7 4. d5 e6 5. e4 exd5 6. exd5 Bb4 7. Bd3 Na6 8. Ne2
Nc5 9. O-O Nxd3 10. Qxd3 O-O 11. Bg5 h6 12. Bh4 Be7 13. Bg3 d6 14. Nd4 Nh5 15.
Rae1 Nxg3 16. hxg3 Re8 17. Nc6 Qd7 18. Nxe7+ Rxe7 19. Qd2 Rae8 20. b3 a6 21. a4
a5 22. Nb5 Kh7 23. f3 g6 24. g4 Kg7 25. Kf2 Ba6 26. Rh1 g5 27. Nd4 Rxe1 28. Rxe1
Rxe1 29. Qxe1 Bc8 30. Nf5+ Kg8 31. Nxh6+ Kh7 32. Qh1 Kg7 33. Nf5+ Kg8 34. Qh6 f6
35. Qg6+ 1-0

[Event "Euro Online U2300 Day 1"]
[Site "chess.com INT"]
[Date "2020.05.25"]
[Round "1"]
[White "Iro, Christian"]
[Black "Denisenko, Denis"]
[Result "1-0"]
[WhiteElo "2081"]
[BlackElo "2076"]
[WhiteFideId "1637606"]
[BlackFideId "4170652"]
[EventDate "2020.05.25"]

1. e4 e5 2. Nf3 Nf6 3. Nxe5 Nxe4 4. Qe2 Qe7 5. Qxe4 d6 6. d4 dxe5 7. dxe5 Nc6 8.
Nc3 Qxe5 9. Qxe5+ Nxe5 10. Nb5 Bb4+ 11. Bd2 Bxd2+ 12. Kxd2 Kd8 13. Re1 Nc6 14.
Bc4 f6 15. Re3 Bf5 16. Rhe1 Ne5 17. Bb3 c6 18. Nd6 Bg6 19. f4 Nd7 20. Nxb7+ Kc7
21. Re7 Kxb7 22. Rxd7+ Kb6 23. Ree7 Rad8 24. Rxg7 Rxd7+ 25. Rxd7 Re8 26. Bf7 Re4
27. Bxg6 hxg6 28. Rg7 Rxf4 29. Rxg6 Kc5 30. Ke3 Rf1 31. h4 Kd5 32. h5 Ke5 33.
Rg7 Rh1 34. Rxa7 Kd6 35. Rh7 Ke5 36. g4 Rh2 37. Kd3 Rh3+ 38. Kc4 Rh4 39. Rg7 f5
40. Kc5 Rxg4 41. h6 Rh4 42. h7 f4 43. Kxc6 f3 44. b4 f2 45. Rf7 Rh6+ 46. Kc5 Ke6
47. Rxf2 Rxh7 48. Rd2 Rc7+ 49. Kb5 Rc3 50. a4 1-0

[Event "Euro Online U2300 Day 1"]
[Site "chess.com INT"]
[Date "2020.05.25"]
[Round "1"]
[White "Vanek, Tomas"]
[Black "Skuhala, Jernej"]
[Result "1-0"]
[WhiteTitle "FM"]
[BlackTitle "FM"]
[WhiteElo "2080"]
[BlackElo "2342"]
[WhiteFideId "313459"]
[BlackFideId "14605651"]
[EventDate "2020.05.25"]

1. e4 c6 2. Nc3 d5 3. Nf3 Bg4 4. h3 Bxf3 5. Qxf3 e6 6. g3 Nd7 7. Bg2 Bd6 8. d4
Bb4 9. O-O Qb6 10. Rd1 Ngf6 11. e5 Ng8 12. Ne2 Be7 13. Qg4 g6 14. c3 h5 15. Qf3
Nh6 16. Bxh6 Rxh6 17. b4 Rh7 18. a4 Qc7 19. a5 g5 20. Qd3 Rg7 21. Rdb1 f5 22. c4
a6 23. cxd5 cxd5 24. Rc1 Qd8 25. b5 Kf7 26. b6 Rc8 27. Rxc8 Qxc8 28. Rc1 Qd8 29.
Rc7 Bb4 30. Qb3 Bd2 31. Rxb7 Ke8 32. Qa2 Bb4 33. Qa4 Bd2 34. Bxd5 exd5 35. e6
Re7 36. Rxd7 Rxd7 37. b7 1-0

[Event "Euro Online U2300 Day 1"]
[Site "chess.com INT"]
[Date "2020.05.25"]
[Round "1"]
[White "Mladek, Richard"]
[Black "Gerasimenyuk, Mikhail"]
[Result "1-0"]
[WhiteTitle "FM"]
[BlackTitle "FM"]
[WhiteElo "2280"]
[BlackElo "2133"]
[WhiteFideId "386588"]
[BlackFideId "14111845"]
[EventDate "2020.05.25"]

1. e4 c6 2. d4 d5 3. e5 c5 4. dxc5 Nc6 5. a3 a5 6. Bb5 e6 7. Be3 Ne7 8. Nf3 Nf5
9. Bd4 Bd7 10. Bxc6 Bxc6 11. O-O Be7 12. Nc3 O-O 13. b4 axb4 14. axb4 Rxa1 15.
Qxa1 f6 16. Re1 fxe5 17. Bxe5 d4 18. Ne4 Qd5 19. Nxd4 Nxd4 20. Qxd4 Bh4 21. g3
Bf6 22. Qxd5 exd5 23. Nd6 Bxe5 24. Rxe5 Ra8 25. b5 Ra1+ 26. Kg2 Bd7 27. Re7 1-0

[Event "Euro Online U2300 Day 1"]
[Site "chess.com INT"]
[Date "2020.05.25"]
[Round "1"]
[White "Tevzadze, Mariam"]
[Black "Manukyan, Artyom"]
[Result "1-0"]
[WhiteElo "1834"]
[BlackElo "2148"]
[WhiteFideId "13605470"]
[BlackFideId "13305786"]
[EventDate "2020.05.25"]

1. d4 d5 2. c3 Nf6 3. Nf3 Bf5 4. Bf4 c6 5. e3 h6 6. Bd3 Bxd3 7. Qxd3 e6 8. Nbd2
Be7 9. O-O O-O 10. Ne5 Qb6 11. Nb3 a5 12. Rab1 a4 13. Nc1 c5 14. h3 Nc6 15. g4
Nxe5 16. Bxe5 Nd7 17. Bg3 cxd4 18. exd4 Rfc8 19. a3 Qc6 20. f4 Nf6 21. Kg2 Ne4
22. Be1 f5 23. Ne2 Qc4 24. Qxc4 Rxc4 25. Ng3 g6 26. gxf5 exf5 27. Nxe4 dxe4 28.
Bd2 Kf7 29. Kf2 Ke6 30. Rg1 Rg8 31. Ke2 Rc6 32. b3 b5 33. bxa4 bxa4 34. Rb5 Kf7
35. Rgb1 Ra8 36. Rb7 Kf8 37. Rd7 Ke8 38. Rbb7 Bxa3 39. Rg7 Bf8 40. Rg8 a3 41. c4
Rxc4 42. d5 a2 43. d6 Rd4 44. Re7+ 1-0

[Event "Euro Online U2300 Day 1"]
[Site "chess.com INT"]
[Date "2020.05.25"]
[Round "1"]
[White "Kalogeris, Ioannis"]
[Black "Chalus, Karel"]
[Result "1-0"]
[WhiteTitle "FM"]
[WhiteElo "2312"]
[BlackElo "2044"]
[WhiteFideId "4239563"]
[BlackFideId "311723"]
[EventDate "2020.05.25"]

1. e4 c5 2. Nf3 d6 3. Bb5+ Bd7 4. Bxd7+ Qxd7 5. c4 Nc6 6. d4 cxd4 7. Nxd4 g6 8.
Be3 Bg7 9. Nc3 Nf6 10. f3 O-O 11. O-O a6 12. Rc1 Rac8 13. Na4 Qc7 14. Nb3 Nd7
15. c5 Nxc5 16. Nbxc5 dxc5 17. Rxc5 Rfd8 18. Qc1 Qd6 19. Nb6 Rc7 20. Rd5 e6 21.
Rxd6 Rxd6 22. Rd1 Rxd1+ 23. Qxd1 Bxb2 24. f4 Bf6 25. Qd6 Re7 26. e5 Bg7 27. Nd7
h6 28. Nf6+ Kh8 29. Bc5 1-0

[Event "Euro Online U2300 Day 1"]
[Site "chess.com INT"]
[Date "2020.05.25"]
[Round "1"]
[White "Popadic, Dragan"]
[Black "Novikova, Galina"]
[Result "0-1"]
[WhiteTitle "FM"]
[BlackTitle "WFM"]
[WhiteElo "2180"]
[BlackElo "2073"]
[WhiteFideId "913650"]
[BlackFideId "4157095"]
[EventDate "2020.05.25"]

1. e4 e6 2. d4 d5 3. e5 c5 4. Qg4 Nc6 5. Nf3 cxd4 6. Bd3 h5 7. Qg3 Nge7 8. O-O
Nf5 9. Bxf5 exf5 10. h4 Be6 11. a3 Qb6 12. Nbd2 O-O-O 13. b4 Kb8 14. Nb3 Rc8 15.
Bb2 Ka8 16. Bxd4 Nxd4 17. Nfxd4 Be7 18. Rfd1 g5 19. hxg5 h4 20. Qe3 f4 21. Qxf4
Rcg8 22. Nxe6 Qxe6 23. Nd4 Qg6 24. Nf3 Rh5 25. Rd3 Bxg5 26. Nxg5 Rxg5 27. g3
hxg3 28. Rxg3 Rxg3+ 29. fxg3 Rh8 30. Re1 Qxc2 31. Qf2 Rh1+ 32. Kg2 Rh2+ 0-1

[Event "Euro Online U2300 Day 1"]
[Site "chess.com INT"]
[Date "2020.05.25"]
[Round "1"]
[White "Shapiro, David"]
[Black "Tobak, Mikhail"]
[Result "1-0"]
[WhiteTitle "FM"]
[WhiteElo "2392"]
[BlackElo "2067"]
[WhiteFideId "24133523"]
[BlackFideId "14165570"]
[EventDate "2020.05.25"]

1. d4 Nf6 2. Nc3 d6 3. e4 g6 4. Be3 Bg7 5. Qd2 Ng4 6. Bg5 h6 7. Bh4 g5 8. Bg3 c6
9. h4 Qb6 10. O-O-O gxh4 11. Rxh4 h5 12. f3 Nf6 13. Kb1 Be6 14. e5 dxe5 15. dxe5
Nfd7 16. Qg5 Bh6 17. Qxh5 Na6 18. Bf4 Qxg1 19. Bxa6 Qb6 20. Be2 1-0

[Event "Euro Online U2300 Day 1"]
[Site "chess.com INT"]
[Date "2020.05.25"]
[Round "1"]
[White "Poghosyan, Suren"]
[Black "Yanev, Pavel"]
[Result "1-0"]
[WhiteTitle "FM"]
[WhiteElo "2275"]
[BlackElo "2267"]
[WhiteFideId "13303201"]
[BlackFideId "2910756"]
[EventDate "2020.05.25"]

1. d4 Nf6 2. c4 c5 3. e3 d5 4. Nc3 cxd4 5. exd4 Nc6 6. Nf3 Bg4 7. cxd5 Nxd5 8.
Qb3 Bxf3 9. gxf3 Nxd4 10. Bb5+ Nxb5 11. Qxb5+ Qd7 12. Nxd5 O-O-O 13. Qc5+ Qc6
14. Qxc6+ bxc6 15. Nc3 e5 16. Be3 Kb7 17. Rd1 Bd6 18. Ke2 f5 19. Rhg1 g6 20. Rd3
Bc7 21. Rgd1 Rxd3 22. Rxd3 Rd8 23. Na4 Rd5 24. Nc5+ Kc8 25. h3 Bb6 26. Na4 Bxe3
27. Rxd5 cxd5 28. fxe3 Kc7 29. e4 dxe4 30. fxe4 Kd6 31. b4 h5 32. h4 Ke6 33.
Nc5+ Kf6 34. a4 Ke7 35. Ke3 Kd6 36. Nd3 Ke6 37. b5 Kd6 38. a5 1-0

[Event "Euro Online U2300 Day 1"]
[Site "chess.com INT"]
[Date "2020.05.25"]
[Round "1"]
[White "Cevizci, Yusuf Baran"]
[Black "Nagy, Ladislav"]
[Result "1-0"]
[WhiteElo "1789"]
[BlackElo "2085"]
[WhiteFideId "34565400"]
[BlackFideId "374300"]
[EventDate "2020.05.25"]

1. e4 e5 2. Nf3 Nc6 3. Nc3 Nf6 4. Be2 Bc5 5. Nxe5 Nxe5 6. d4 Bb4 7. dxe5 Nxe4 8.
Qd4 Nxc3 9. bxc3 Be7 10. O-O O-O 11. Bd3 d6 12. Qe4 g6 13. Bh6 Re8 14. exd6 Qxd6
15. Qf3 Bf6 16. Bc4 Bf5 17. Rad1 Qc6 18. Qxc6 bxc6 19. Bd3 Bxd3 20. Rxd3 Re2 21.
Re3 Rxc2 22. Rfe1 Be7 23. Rxe7 f5 24. Rg7+ Kh8 25. Ree7 Rc1+ 26. Bxc1 Rd8 27.
Rxh7+ Kg8 28. Reg7+ Kf8 29. Rh8+ Kxg7 30. Rxd8 1-0

[Event "Euro Online U2300 Day 1"]
[Site "chess.com INT"]
[Date "2020.05.25"]
[Round "1"]
[White "Ignatescu, Radu"]
[Black "Materia, Marco"]
[Result "1-0"]
[WhiteTitle "FM"]
[BlackTitle "FM"]
[WhiteElo "2294"]
[BlackElo "2269"]
[WhiteFideId "1202910"]
[BlackFideId "45150451"]
[EventDate "2020.05.25"]

1. d4 Nf6 2. Bg5 d5 3. Nf3 e6 4. Nbd2 Be7 5. e3 O-O 6. Bd3 c5 7. c3 b6 8. Ne5
Bb7 9. f4 Qc8 10. O-O Ba6 11. Bxa6 Qxa6 12. f5 Qc8 13. Qf3 Nc6 14. Rac1 Nd7 15.
Bxe7 Ndxe5 16. dxe5 Nxe7 17. f6 Ng6 18. fxg7 Kxg7 19. Qh5 Qd8 20. Nf3 Rc8 21.
Ng5 h6 22. Rxf7+ Rxf7 23. Nxe6+ Kh7 24. Nxd8 Rxd8 25. Rf1 Rxf1+ 26. Kxf1 Re8 27.
e6 Rxe6 28. Qxd5 Re7 29. e4 Kg7 30. g3 Re5 31. Qc6 Kf7 32. Kf2 Re6 33. Qd5 Ne7
34. Qb7 a5 35. Kf3 Kf6 36. h4 h5 37. g4 hxg4+ 38. Kxg4 Ng6 39. h5 Ne5+ 40. Kf4
Nd3+ 41. Ke3 Nxb2 42. h6 Nc4+ 43. Kf4 Nd6 44. Qg7# 1-0

[Event "Euro Online U2300 Day 1"]
[Site "chess.com INT"]
[Date "2020.05.25"]
[Round "1"]
[White "Revuckij, Vladimir"]
[Black "Narva, Mai"]
[Result "0-1"]
[WhiteTitle "IM"]
[BlackTitle "WIM"]
[WhiteElo "2354"]
[BlackElo "2333"]
[WhiteFideId "14106167"]
[BlackFideId "4500512"]
[EventDate "2020.05.25"]

1. e4 c5 2. Nf3 d6 3. d4 cxd4 4. Qxd4 Nf6 5. c4 Nc6 6. Qe3 g6 7. h3 Bg7 8. Be2
Nb4 9. Bd1 Qb6 10. Qe2 Be6 11. Nc3 Rc8 12. Nd5 Nfxd5 13. cxd5 Bd7 14. Qe3 Qa6
15. Bd2 Nd3+ 16. Kf1 Nxb2+ 17. Kg1 Nc4 18. Be2 Bxa1 19. Kh2 Nxe3 20. Bxa6 bxa6
21. Rxa1 Nc2 22. Rb1 Bb5 23. Bh6 Kd7 24. a4 Bxa4 25. Rb7+ Rc7 0-1

[Event "Euro Online U2300 Day 1"]
[Site "chess.com INT"]
[Date "2020.05.25"]
[Round "1"]
[White "Monteverde, Jonathan"]
[Black "Rahal, Michael A"]
[Result "1/2-1/2"]
[BlackTitle "IM"]
[WhiteElo "2105"]
[BlackElo "2333"]
[WhiteFideId "1314580"]
[BlackFideId "404691"]
[EventDate "2020.05.25"]

1. d4 e6 2. c4 b6 3. Nc3 Bb7 4. a3 g6 5. e4 Bg7 6. Nf3 d6 7. Be2 Ne7 8. Be3 Nd7
9. Qd2 Nf6 10. d5 Qd7 11. h3 O-O 12. O-O Nh5 13. Bh6 e5 14. Bxg7 Kxg7 15. Rfe1
Nf4 16. Bf1 f5 17. Ng5 h6 18. Nf3 fxe4 19. Nh2 Nf5 20. g3 Nd3 21. Nxe4 Nxe1 22.
Rxe1 Nd4 23. Bg2 a5 24. Ng4 g5 25. Nxg5 hxg5 26. Qxg5+ Kh8 27. Be4 Nf3+ 28. Bxf3
Rxf3 29. Nf6 Rxf6 30. Qxf6+ Qg7 31. Qh4+ Qh7 32. Qf6+ Qg7 33. Qh4+ Qh7 34. Qf6+
Qg7 1/2-1/2

[Event "Euro Online U2300 Day 1"]
[Site "chess.com INT"]
[Date "2020.05.25"]
[Round "1"]
[White "Aizenberg, Benny"]
[Black "Patrelakis, Evaggelos"]
[Result "0-1"]
[WhiteElo "2152"]
[BlackElo "2259"]
[WhiteFideId "2821125"]
[BlackFideId "4295102"]
[EventDate "2020.05.25"]

1. e4 c5 2. Nf3 d6 3. d4 cxd4 4. Nxd4 Nf6 5. Nc3 e6 6. g4 e5 7. Bb5+ Bd7 8.
Bxd7+ Qxd7 9. Nf5 h5 10. g5 Nxe4 11. Nxg7+ Bxg7 12. Nxe4 d5 13. Nf6+ Bxf6 14.
gxf6 Nc6 15. Bg5 h4 16. Qd2 O-O-O 17. O-O-O Qf5 18. Rhg1 Kb8 19. Bh6 Nd4 20. Bg7
Nf3 21. Qb4 Nxg1 22. Rxg1 Qxf2 23. Rd1 Rhe8 24. Qa5 Qxh2 25. b3 Qf4+ 26. Kb1 d4
27. Qb5 h3 28. Rf1 Qe4 29. Rd1 h2 30. Qf1 Rc8 0-1

[Event "Euro Online U2300 Day 1"]
[Site "chess.com INT"]
[Date "2020.05.25"]
[Round "1"]
[White "Bazakutsa, Svyatoslav"]
[Black "Spirliadis, Achileas"]
[Result "1-0"]
[WhiteElo "1966"]
[BlackElo "2149"]
[WhiteFideId "14198525"]
[BlackFideId "4215770"]
[EventDate "2020.05.25"]

1. c4 Nf6 2. Nc3 e5 3. Nf3 Nc6 4. e4 Bc5 5. Nxe5 Nxe5 6. d4 Bxd4 7. Qxd4 d6 8.
Bg5 h6 9. Bh4 g5 10. Bg3 Nc6 11. Qd1 Qe7 12. f3 Be6 13. Nd5 Bxd5 14. cxd5 Ne5
15. Bb5+ Nfd7 16. Rc1 O-O-O 17. Qd4 Kb8 18. O-O Ng6 19. Bf2 Nb6 20. a4 Qe5 21.
a5 Nc8 22. Qc4 Qe7 23. a6 Ne5 24. Qc3 h5 25. axb7 Nb6 26. Bxb6 cxb6 27. Ba6 Qd7
28. Rf2 Nd3 29. Qxd3 Qa4 30. Rfc2 Qa1 31. Rxa1 1-0

[Event "Euro Online U2300 Day 1"]
[Site "chess.com INT"]
[Date "2020.05.25"]
[Round "1"]
[White "Pogorelskikh, Sergey"]
[Black "Curtacci, Sergio"]
[Result "1/2-1/2"]
[WhiteTitle "FM"]
[WhiteElo "2218"]
[BlackElo "2038"]
[WhiteFideId "4187024"]
[BlackFideId "858048"]
[EventDate "2020.05.25"]

1. e4 d5 2. exd5 Qxd5 3. Nc3 Qa5 4. d4 c6 5. Nf3 Nf6 6. Bd3 Bg4 7. h3 Bh5 8. O-O
e6 9. Ne4 Be7 10. Bf4 Nxe4 11. Bxe4 Nd7 12. c3 Nf6 13. Bd3 O-O 14. Be2 h6 15.
Ne5 Bxe2 16. Qxe2 Rfe8 17. a4 Qd8 18. Rfe1 c5 19. Rad1 Nd5 20. Nxf7 Nxf4 21. Qg4
Kxf7 22. Qxf4+ Bf6 23. dxc5 Qc8 24. Qc4 Kg8 25. Rd6 Kh8 26. Rdxe6 Rxe6 27. Rxe6
Qc7 28. c6 Rd8 29. g3 bxc6 30. Rxc6 Qe5 31. Rc8 Qf5 32. Rxd8+ Bxd8 33. b4 Bb6
34. Qe2 Qg6 35. Kg2 Qc6+ 36. Qf3 Qxa4 37. Qf8+ Kh7 38. Qf5+ Kh8 39. Qf8+ 1/2-1/2

[Event "Euro Online U2300 Day 1"]
[Site "chess.com INT"]
[Date "2020.05.25"]
[Round "1"]
[White "Vardanyan, Aras"]
[Black "Erdogan, Anil Berk"]
[Result "1-0"]
[BlackTitle "CM"]
[WhiteElo "2178"]
[BlackElo "2155"]
[WhiteFideId "12808792"]
[BlackFideId "6348173"]
[EventDate "2020.05.25"]

1. d4 Nf6 2. c4 c5 3. d5 e6 4. Nc3 exd5 5. cxd5 d6 6. e4 g6 7. f4 Bg7 8. Bb5+
Nfd7 9. a4 O-O 10. Nf3 Na6 11. O-O Nb4 12. Re1 a6 13. Bf1 Re8 14. h3 Rb8 15. Be3
Nf6 16. Bf2 Nh5 17. Qd2 Bh6 18. g3 Bd7 19. e5 dxe5 20. Nxe5 Bf5 21. Rac1 Nc6 22.
Ng4 Bxg4 23. Rxe8+ Qxe8 24. hxg4 Nd4 25. Bg2 Nb3 26. Qc2 Nxg3 27. Re1 Qxe1+ 28.
Bxe1 Nd4 29. Qd3 Bxf4 30. Bxg3 Bxg3 31. Qxg3 Ne2+ 32. Nxe2 1-0

[Event "Euro Online U2300 Day 1"]
[Site "chess.com INT"]
[Date "2020.05.25"]
[Round "1"]
[White "Agrafenin, Andrey"]
[Black "Rause, Olita"]
[Result "1-0"]
[BlackTitle "IM"]
[WhiteElo "2017"]
[BlackElo "2192"]
[WhiteFideId "13506544"]
[BlackFideId "11600250"]
[EventDate "2020.05.25"]

1. c4 c6 2. Nc3 d5 3. d4 Nf6 4. Nf3 e6 5. cxd5 exd5 6. Bg5 Be7 7. e3 h6 8. Bh4
Nbd7 9. Qc2 O-O 10. Bd3 Re8 11. O-O Nf8 12. Rab1 Bg4 13. Ne5 Bh5 14. b4 Ne4 15.
Bxe7 Qxe7 16. Nxe4 dxe4 17. Bxe4 f6 18. Bg6 Nxg6 19. Nxg6 Qe4 20. Qb3+ Kh7 21.
Nf4 Qf5 22. Nxh5 Qxh5 23. Rfc1 a6 24. a4 Rac8 25. Rc5 Qg6 26. Rbc1 h5 27. b5
axb5 28. axb5 h4 29. h3 Re7 30. bxc6 Rec7 31. cxb7 Rxc5 32. bxc8=Q 1-0

[Event "Euro Online U2300 Day 1"]
[Site "chess.com INT"]
[Date "2020.05.25"]
[Round "1"]
[White "Pazdziora, Michal"]
[Black "Muradli, Mahammad"]
[Result "0-1"]
[BlackTitle "IM"]
[WhiteElo "2197"]
[BlackElo "2449"]
[WhiteFideId "1124234"]
[BlackFideId "13409301"]
[EventDate "2020.05.25"]

1. d4 Nf6 2. c4 d6 3. Nf3 g6 4. Bf4 Bg7 5. e3 O-O 6. Nc3 c5 7. Be2 cxd4 8. exd4
d5 9. O-O Nc6 10. Ne5 Bf5 11. Bf3 e6 12. cxd5 exd5 13. Qa4 Qb6 14. Nxd5 Nxd5 15.
Bxd5 Nxd4 16. Kh1 Rad8 17. Qc4 Be6 18. Bxe6 Nxe6 19. Bg3 Rd4 20. Qe2 Rfd8 21.
Rad1 Rxd1 22. Rxd1 Rxd1+ 23. Qxd1 Qxb2 24. Nxf7 Kxf7 25. Qd7+ Kf6 26. h4 Qc1+
27. Kh2 Qc6 28. Qd3 Kf7 29. h5 a6 30. Bh4 Qxg2+ 31. Kxg2 Nf4+ 0-1

[Event "Euro Online U2300 Day 1"]
[Site "chess.com INT"]
[Date "2020.05.25"]
[Round "1"]
[White "Florez Rodriguez, Diego"]
[Black "Lisin, Egor"]
[Result "0-1"]
[WhiteElo "2110"]
[BlackElo "1943"]
[WhiteFideId "2291576"]
[BlackFideId "34147257"]
[EventDate "2020.05.25"]

1. d4 Nf6 2. Nf3 g6 3. g3 Bg7 4. Bg2 O-O 5. O-O d6 6. c4 Nc6 7. Nc3 e5 8. d5 Nb8
9. e4 a5 10. Rb1 Na6 11. a3 Nc5 12. Qc2 Nfxe4 13. Nxe4 Nxe4 14. Nxe5 Nc5 15. Nd3
Bf5 16. Rd1 Nxd3 17. Rxd3 Re8 18. Be3 a4 19. Rbd1 Bxd3 20. Rxd3 b6 21. Rd1 Qf6
22. Bd4 Qe7 23. Be3 Qe5 24. Rd2 h5 25. h4 Kh7 26. Bf3 Bh6 27. Bxh6 Kxh6 28. Kg2
Qf6 29. Re2 Rxe2 30. Qxe2 Kg7 31. Qc2 Qd4 32. Qe2 Qf6 33. Qc2 Qe5 34. Bd1 Ra5
35. Be2 Rc5 36. Qd2 b5 37. cxb5 Qxd5+ 38. Qxd5 Rxd5 39. Bc4 Rd2 40. b3 axb3 41.
Bxb3 Rd3 42. Bc4 Rxa3 43. Bd5 Rc3 44. Kf1 Rc5 45. Bc6 Kf6 46. Ke2 Rxc6 0-1

[Event "Euro Online U2300 Day 1"]
[Site "chess.com INT"]
[Date "2020.05.25"]
[Round "1"]
[White "Putrenko, Kirill"]
[Black "Steenbekkers, Franck"]
[Result "1-0"]
[BlackTitle "CM"]
[WhiteElo "2114"]
[BlackElo "2164"]
[WhiteFideId "44148402"]
[BlackFideId "1004220"]
[EventDate "2020.05.25"]

1. d4 Nf6 2. c4 c5 3. d5 b5 4. cxb5 a6 5. bxa6 Bxa6 6. Nc3 g6 7. e4 Bxf1 8. Kxf1
d6 9. Nf3 Bg7 10. g3 O-O 11. Kg2 Na6 12. Qe2 Qb6 13. a4 Rfb8 14. Ra3 Nc7 15. Nd2
Qa6 16. Nc4 e6 17. dxe6 fxe6 18. Bf4 Rb4 19. b3 Nh5 20. Bxd6 Rxc4 21. Qxc4 Qxd6
22. Rd1 Qc6 23. Nb5 Rf8 24. Rd6 Qb7 25. Rd7 Bd4 26. f3 Rf7 27. Rxf7 1-0

[Event "Euro Online U2300 Day 1"]
[Site "chess.com INT"]
[Date "2020.05.25"]
[Round "1"]
[White "Zhukov, Anton"]
[Black "Moran, Stephen"]
[Result "1-0"]
[WhiteTitle "FM"]
[WhiteElo "2223"]
[BlackElo "2195"]
[WhiteFideId "34187534"]
[BlackFideId "2501872"]
[EventDate "2020.05.25"]

1. d4 Nf6 2. c4 c5 3. d5 b5 4. Qc2 Bb7 5. e4 bxc4 6. Bxc4 e6 7. Nc3 Na6 8. dxe6
fxe6 9. Nf3 Nb4 10. Qe2 Be7 11. a3 Nc6 12. e5 Ng4 13. h3 Nh6 14. Bxh6 gxh6 15.
O-O O-O 16. Ne4 Qe8 17. Rfd1 Qg6 18. Rxd7 Rxf3 19. Qxf3 Nxe5 20. Nf6+ Bxf6 21.
Qxb7 Rf8 22. Bxe6+ Kh8 23. Rc7 Bd8 24. Bd5 Bxc7 25. Qxc7 Nd3 26. Rf1 Nxf2 27.
Qe5+ 1-0